| 000 | 01206nam a22002177a 4500 | ||
|---|---|---|---|
| 999 |
_c58645 _d58645 |
||
| 003 | Ge_BSU | ||
| 005 | 20220621131602.0 | ||
| 008 | 220621s2018 ge ||||| |||| 00| 0 geo d | ||
| 020 | _a9789941255205 | ||
| 041 | _ageo | ||
| 080 | _a338.244.018(075.8) ჯ-54 | ||
| 100 |
_aჯიქია, მერაბ _913241 |
||
| 245 |
_aეკონომიკური ანალიზი : _b თეორია, მეთოდოლოგია, პრაქტიკა : [სახელმძღვანელო] / _cმერაბ ჯანიკოს ძე ჯიქია ; რედაქტორები: რევაზ გოგოხია, ზეინაბ გოგრიჭიანი. |
||
| 264 |
_aთბილისი : _bმერიდიანი, _c2018. |
||
| 300 |
_a342 გვ. : _bცხრ., სქ. ; _c28 სმ. |
||
| 504 | _a ბიბლიოგრაფია : გვ. 337-340. | ||
| 653 | _aეკონომიკური ანალიზი | ||
| 700 |
_aგოგოხია, რევაზ _eრედაქტორი _93350 |
||
| 700 |
_aგოგრიჭიანი, ზეინაბ _eრედაქტორი _913245 |
||
| 942 |
_2udc _cBK |
||